[Event "Senta Fantastico op 02"]
[Site "Senta"]
[Date "2024.02.27"]
[Round "9"]
[White "Sutormin, Danila"]
[Black "Zherebtsova, Alexandra"]
[Result "1/2-1/2"]
[WhiteElo "2325"]
[BlackElo "2270"]
[PlyCount "89"]
[EventDate "2024.02.22"]
[EventType "swiss"]
[EventRounds "9"]
[EventCountry "SRB"]
[SourceTitle "CB10_2024"]
[SourceDate "2024.03.06"]
[SourceVersion "1"]
[SourceVersionDate "2024.03.06"]
[SourceQuality "1"]

1. e4 e5 2. Nf3 Nc6 3. Bc4 Nf6 4. d3 Be7 5. 0-0 d6 6. a4 Na5 7. Ba2 c5 8. Bg5 0-0 9. Bxf6 Bxf6 10. Nc3 g6 11. Nd5 Bg7 12. c3 Nc6 13. h3 Kh8 14. b4 f5 15. Re1 Bd7 16. Rb1 b6 17. Ne3 Qf6 18. Nd5 Qd8 19. Bc4 h6 20. a5 cxb4 21. axb6 axb6 22. Nxb4 Nxb4 23. Rxb4 Rc8 24. Kh2 b5 25. Bxb5 Rxc3 26. Bxd7 Qxd7 27. Qd2 Rfc8 28. Reb1 d5 29. R1b2 Kh7 30. Rb7 R3c7 31. R7b6 Rc6 32. Rb7 R8c7 33. R7b5 Rc5 34. Rxc5 Rxc5 35. d4 exd4 36. e5 Rc4 37. Qd3 Rc3 38. Qxd4 Rc4 39. Qb6 Qc7 40. Qe6 Re4 41. Qb6 Bxe5+ 42. Nxe5 Qxb6 43. Rxb6 Rxe5 44. Rb7+ Kg8 45. Rd7 1/2-1/2

[Event "Senta Fantastico op 02"]
[Site "Senta"]
[Date "2024.02.25"]
[Round "6"]
[White "Thilakarathne, GM Harshana"]
[Black "Sutormin, Danila"]
[Result "1/2-1/2"]
[WhiteElo "2337"]
[BlackElo "2325"]
[PlyCount "87"]
[EventDate "2024.02.22"]
[EventType "swiss"]
[EventRounds "9"]
[EventCountry "SRB"]
[SourceTitle "CB10_2024"]
[SourceDate "2024.03.06"]
[SourceVersion "1"]
[SourceVersionDate "2024.03.06"]
[SourceQuality "1"]

1. e4 c5 2. Nc3 e6 3. g3 d5 4. Bg2 d4 5. Nce2 Nc6 6. d3 Be7 7. f4 f5 8. e5 Qd7 9. Nf3 Nh6 10. c3 dxc3 11. bxc3 0-0 12. 0-0 Rd8 13. d4 b6 14. h3 Bb7 15. Be3 Na5 16. dxc5 bxc5 17. Qxd7 Rxd7 18. Nd2 Bxg2 19. Kxg2 Rad8 20. Kf2 Rxd2 21. Bxd2 Rxd2 22. Rfd1 Rd8 23. Rab1 Kf7 24. Ng1 Ke8 25. Rxd8+ Bxd8 26. Nf3 Nf7 27. g4 Bb6 28. gxf5 exf5 29. h4 Nd8 30. Kg3 Nc4 31. h5 Ne6 32. Nh4 Ne3 33. Kf3 Nd5 34. Nxf5 Kf8 35. h6 g6 36. Rd1 Nxc3 37. Rd6 gxf5 38. Rxe6 Ne4 39. Rc6 c4 40. Ke2 c3 41. Kd3 Kf7 42. a4 Ba5 43. Kc2 Bb6 44. Kd3 1/2-1/2

[Event "Senta Fantastico op 02"]
[Site "Senta"]
[Date "2024.02.23"]
[Round "3"]
[White "Sutormin, Danila"]
[Black "Pang, Tao"]
[Result "1/2-1/2"]
[WhiteElo "2325"]
[BlackElo "2451"]
[PlyCount "160"]
[EventDate "2024.02.22"]
[EventType "swiss"]
[EventRounds "9"]
[EventCountry "SRB"]
[SourceTitle "CB10_2024"]
[SourceDate "2024.03.06"]
[SourceVersion "1"]
[SourceVersionDate "2024.03.06"]
[SourceQuality "1"]

1. e4 e6 2. d4 d5 3. Nd2 c5 4. Ngf3 Nc6 5. exd5 exd5 6. Bb5 Qe7+ 7. Be2 Qc7 8. 0-0 Nf6 9. Re1 cxd4 10. Bd3+ Be7 11. h3 0-0 12. Nb3 Bb4 13. Bd2 Bxd2 14. Qxd2 Bd7 15. Nbxd4 Rae8 16. c3 h6 17. Rad1 Na5 18. Nf5 Bxf5 19. Bxf5 Nc4 20. Qc2 Qb6 21. b3 Nd6 22. Nd4 Qc5 23. Kf1 Nde4 24. c4 Nd6 25. Rxe8 Rxe8 26. cxd5 Qxd5 27. Bg4 Nxg4 28. hxg4 Ne4 29. Nf5 Qe5 30. Kg1 g6 31. Ne3 Nxf2 32. Qxf2 Qxe3 33. Qxe3 Rxe3 34. Rd7 Re2 35. a3 Ra2 36. a4 b6 37. Rxa7 Rb2 38. a5 bxa5 39. Rxa5 Rxb3 40. Kf2 Kg7 41. Ra6 Rd3 42. Rb6 Kf8 43. Rb8+ Kg7 44. Rb6 Rd5 45. Kf3 Re5 46. Ra6 Re6 47. Ra7 Kf6 48. Kf2 Re7 49. Ra5 Re5 50. Ra7 Rb5 51. Kf3 Rb3+ 52. Kf2 Rd3 53. Rb7 Ke6 54. Ra7 Rd5 55. Kf3 Kf6 56. Rb7 Ra5 57. Rc7 Ra3+ 58. Kf2 Kg5 59. Rxf7 Kxg4 60. Rf6 Ra2+ 61. Kg1 Kg5 62. Rb6 h5 63. Rb5+ Kh6 64. Rb6 h4 65. Rc6 Ra3 66. Rb6 Rg3 67. Kf2 Kh5 68. Rb5+ g5 69. Rb4 Rg4 70. Rb5 Rf4+ 71. Kg1 Kg4 72. Kh2 Re4 73. Rb8 Re3 74. Rb4+ Kf5 75. Rb5+ Kf4 76. Rb4+ Kf5 77. Rb5+ Kg6 78. Rb6+ Kh5 79. Rb5 Re4 80. Kh3 Rf4 1/2-1/2

[Event "Pozarevac Rudar GM 02"]
[Site "Pozarevac"]
[Date "2024.02.15"]
[Round "9"]
[White "Volkov, Dmitriy"]
[Black "Sutormin, Danila"]
[Result "0-1"]
[WhiteElo "2268"]
[BlackElo "2325"]
[PlyCount "156"]
[EventDate "2024.02.08"]
[EventType "tourn"]
[EventRounds "9"]
[EventCountry "SRB"]
[EventCategory "7"]
[SourceTitle "CB08_2024"]
[SourceDate "2024.02.21"]
[SourceVersion "1"]
[SourceVersionDate "2024.02.21"]
[SourceQuality "1"]

1. e4 c5 2. Nf3 e6 3. d4 cxd4 4. Nxd4 Nf6 5. Nc3 Nc6 6. Ndb5 Bc5 7. Bf4 0-0 8. Bc7 Qe7 9. Bd6 Bxd6 10. Qxd6 Qd8 11. Nc7 Rb8 12. Be2 b5 13. e5 Ne8 14. Nxe8 Rxe8 15. 0-0 b4 16. Ne4 Bb7 17. Qc5 Rf8 18. Bd3 Ba8 19. Rfe1 Qb6 20. Qxb6 Rxb6 21. f4 Ne7 22. Nc5 Rc8 23. Nb3 Bd5 24. Re2 f6 25. g3 f5 26. Nd2 Nc6 27. c4 bxc3 28. bxc3 Na5 29. Rc1 Rb2 30. Nf1 Rxe2 31. Bxe2 Rb8 32. Rc2 Rb1 33. Kf2 Nb7 34. Nd2 Rh1 35. Nf1 Nc5 36. Bb5 Kf8 37. Ke3 Ke7 38. Kd4 Nb7 39. Ne3 Be4 40. Rb2 h6 41. Bd3 Bc6 42. Bb5 Be4 43. Bd3 Bf3 44. Bf1 Nd8 45. Kc5 g5 46. Rd2 Bc6 47. Rb2 Rg1 48. Kd4 Be4 49. Kc5 Nc6 50. Rd2 gxf4 51. gxf4 h5 52. Rf2 h4 53. Rd2 Rg8 54. Nc4 Bd5 55. Ne3 Bf3 56. Bg2 Rc8 57. Kb5 Bh5 58. Nc4 Nb8 59. Bf1 Bf3 60. Bg2 Bg4 61. Kb4 Na6+ 62. Kb3 h3 63. Bf1 Nc5+ 64. Kc2 Bf3 65. Nd6 Rh8 66. Rf2 Bc6 67. c4 a5 68. Kc3 Ne4+ 69. Nxe4 Bxe4 70. Kd4 a4 71. Rb2 Bc6 72. Rc2 Be4 73. Rb2 Rh4 74. Rf2 a3 75. Kc3 Bg2 76. Be2 d6 77. exd6+ Kxd6 78. Kb4 e5 0-1

[Event "Pozarevac Rudar GM 02"]
[Site "Pozarevac"]
[Date "2024.02.08"]
[Round "1"]
[White "Sutormin, Danila"]
[Black "Kotronias, Vasilios"]
[Result "0-1"]
[WhiteElo "2325"]
[BlackElo "2453"]
[PlyCount "114"]
[EventDate "2024.02.08"]
[EventType "tourn"]
[EventRounds "9"]
[EventCountry "SRB"]
[EventCategory "7"]
[SourceTitle "CB08_2024"]
[SourceDate "2024.02.21"]
[SourceVersion "1"]
[SourceVersionDate "2024.02.21"]
[SourceQuality "1"]

1. d4 Nf6 2. c4 g6 3. Nc3 Bg7 4. e4 d6 5. Nf3 0-0 6. Be2 e5 7. 0-0 Bg4 8. d5 a5 9. Ne1 Bd7 10. Nd3 Na6 11. a3 a4 12. f3 Qe8 13. Kh1 b6 14. Nb5 Bxb5 15. cxb5 Nc5 16. Nxc5 dxc5 17. d6 c6 18. b4 cxb5 19. d7 Qxd7 20. Qxd7 Nxd7 21. Bxb5 Nb8 22. bxc5 bxc5 23. Rb1 Rc8 24. Bc4 Nc6 25. Rb5 Rab8 26. f4 Rxb5 27. Bxb5 exf4 28. Bxf4 Ne5 29. Rc1 h5 30. g3 Ng4 31. Rc4 Bd4 32. Kg2 g5 33. h3 gxf4 34. hxg4 Rb8 35. Bxa4 Rb1 36. gxh5 Rg1+ 37. Kf3 fxg3 38. Rc2 Ra1 39. Bc6 Rxa3+ 40. Kf4 f6 41. Kg4 Kg7 42. Bd5 Kh6 43. Bf7 Bf2 44. Kh3 Kg5 45. Rb2 Ra1 46. Rb6 Re1 47. Rb8 Kf4 48. e5 Rh1+ 49. Kg2 Rh2+ 50. Kf1 Kxe5 51. Rh8 Be3 52. Re8+ Kf4 53. Bd5 f5 54. Bg2 Rxh5 55. Ke2 Rh2 56. Kf1 Rh6 57. Ke2 Rb6 0-1

[Event "Pozarevac Rudar GM-B 01"]
[Site "Pozarevac"]
[Date "2024.02.02"]
[Round "3.2"]
[White "Sutormin, Danila"]
[Black "Velpula, Sarayu"]
[Result "1-0"]
[WhiteElo "2353"]
[BlackElo "2444"]
[PlyCount "87"]
[EventDate "2024.01.31"]
[EventType "tourn"]
[EventRounds "9"]
[EventCountry "SRB"]
[SourceTitle "CB07_2024"]
[SourceDate "2024.02.14"]
[SourceVersion "1"]
[SourceVersionDate "2024.02.14"]
[SourceQuality "1"]
[WhiteTeam "TIeam B"]
[BlackTeam "TIeam C"]
[WhiteTeamCountry "SRB"]
[BlackTeamCountry "SRB"]

1. d4 Nf6 2. c4 g6 3. Nc3 Bg7 4. e4 d6 5. Nf3 0-0 6. Be2 Nbd7 7. 0-0 e5 8. Be3 Qe7 9. Qc2 c6 10. d5 c5 11. Bg5 h6 12. Bd2 Kh8 13. Kh1 Ng8 14. g3 Ndf6 15. Ng1 Bd7 16. Rae1 Ne8 17. f4 Ngf6 18. a3 Nc7 19. Qd3 Nfe8 20. f5 a6 21. g4 b5 22. b3 Kg8 23. Nd1 a5 24. Nb2 a4 25. bxa4 bxa4 26. Bd1 g5 27. h4 f6 28. Re2 Rf7 29. Rh2 Qd8 30. Rf3 Ra7 31. Rfh3 Kf8 32. Nf3 Qb8 33. Bc1 Ke7 34. hxg5 fxg5 35. Rxh6 Bxh6 36. Rxh6 Nf6 37. Nxg5 Rg7 38. Qh3 Qf8 39. Qh4 Ke8 40. Ne6 Bxe6 41. Rxf6 Bf7 42. Bxa4+ Rxa4 43. Nxa4 Qg8 44. Rxd6 1-0

[Event "Pozarevac Rudar GM-B 01"]
[Site "Pozarevac"]
[Date "2024.02.01"]
[Round "2.2"]
[White "Akbas, Umut Ata"]
[Black "Sutormin, Danila"]
[Result "1/2-1/2"]
[WhiteElo "2438"]
[BlackElo "2353"]
[PlyCount "273"]
[EventDate "2024.01.31"]
[EventType "tourn"]
[EventRounds "9"]
[EventCountry "SRB"]
[SourceTitle "CB07_2024"]
[SourceDate "2024.02.14"]
[SourceVersion "1"]
[SourceVersionDate "2024.02.14"]
[SourceQuality "1"]
[WhiteTeam "TIeam D"]
[BlackTeam "TIeam B"]
[WhiteTeamCountry "SRB"]
[BlackTeamCountry "SRB"]

1. d4 Nf6 2. c4 g6 3. Nc3 Bg7 4. e4 d6 5. h3 0-0 6. Be3 Nc6 7. d5 Ne5 8. f4 Ned7 9. g4 c6 10. Nge2 cxd5 11. cxd5 Qa5 12. Ng3 Nc5 13. Bg2 Qb4 14. Rb1 b6 15. 0-0 Ba6 16. Rf2 Rac8 17. Rd2 Nfd7 18. Nge2 g5 19. Nd4 gxf4 20. Nc2 Qc4 21. Bxf4 Nd3 22. Ne3 Nxb2 23. Rbxb2 Qxc3 24. Nf5 Rfe8 25. Rbc2 Qa1 26. Rxc8 Bxc8 27. Bf1 Qxd1 28. Rxd1 Nc5 29. Bb5 Bd7 30. a4 Kf8 31. Kg2 Bxb5 32. axb5 Nxe4 33. Rd3 Be5 34. Bh6+ Kg8 35. Ra3 e6 36. Ne3 Re7 37. Nc4 Bd4 38. Rd3 exd5 39. Nxd6 Nxd6 40. Rxd4 Re6 41. Bf4 Nxb5 42. Rxd5 Nc3 43. Rg5+ Kf8 44. Rh5 Ne2 45. Bb8 h6 46. Rd5 Nc3 47. Rh5 b5 48. Bxa7 Rc6 49. Bd4 Ne2 50. Be3 b4 51. Rb5 Nc3 52. Rxb4 Nd5 53. Rb8+ Ke7 54. Rb7+ Ke8 55. Bf2 Rc3 56. h4 Nf4+ 57. Kh2 Rh3+ 58. Kg1 Rd3 59. Rb6 h5 60. Rb4 Rf3 61. gxh5 Nxh5 62. Kg2 Rf5 63. Re4+ Kf8 64. Be3 f6 65. Ra4 Kf7 66. Rc4 Re5 67. Kf3 Kg6 68. Rc5 Re8 69. Ra5 Rb8 70. Ra4 Rb3 71. Rg4+ Kf7 72. Ra4 Ng7 73. Kf4 Kg6 74. Kf3 Nf5 75. Re4 Kh5 76. Kf2 Nxh4 77. Rf4 f5 78. Ke2 Rb5 79. Rf2 Rb2+ 80. Kd1 Rb3 81. Bd2 Kg4 82. Rf4+ Kg3 83. Rb4 Ra3 84. Be1+ Kf3 85. Rxh4 Ra1+ 86. Kd2 Ra2+ 87. Kd3 Ra3+ 88. Kc2 Ra2+ 89. Kd3 Ra3+ 90. Bc3 f4 91. Rh8 Kf2 92. Rc8 f3 93. Ke4 Ke2 94. Bd4 Ra2 95. Rh8 Ra3 96. Rh2+ Ke1 97. Be3 Kd1 98. Rd2+ Ke1 99. Kxf3 Ra8 100. Rc2 Rf8+ 101. Bf4 Rd8 102. Rc3 Rd7 103. Rc8 Rd3+ 104. Be3 Rd7 105. Ke4 Ke2 106. Rc2+ Ke1 107. Bd4 Kd1 108. Rg2 Rf7 109. Bc3 Rd7 110. Ke3 Rh7 111. Be5 Re7 112. Kd4 Ke1 113. Ra2 Kf1 114. Rb2 Re8 115. Ke4 Ke1 116. Rh2 Re7 117. Kf4 Kd1 118. Bd4 Re2 119. Rh3 Re8 120. Ra3 Kd2 121. Kf3 Rf8+ 122. Ke4 Re8+ 123. Be5 Ke2 124. Ra2+ Ke1 125. Rh2 Re7 126. Rh5 Ke2 127. Kd5 Rd7+ 128. Ke6 Rd8 129. Kf5 Rf8+ 130. Ke4 Re8 131. Rh7 Ke1 132. Rd7 Ke2 133. Rd5 Re7 134. Kf4 Rf7+ 135. Ke4 Re7 136. Kf4 Rf7+ 137. Ke4 1/2-1/2

[Event "Pozarevac Rudar GM 01"]
[Site "Pozarevac"]
[Date "2024.01.27"]
[Round "5.1"]
[White "Royal, Shreyas"]
[Black "Sutormin, Danila"]
[Result "0-1"]
[WhiteElo "2459"]
[BlackElo "2353"]
[PlyCount "86"]
[EventDate "2024.01.24"]
[EventType "tourn"]
[EventRounds "9"]
[EventCountry "SRB"]
[SourceTitle "CB06_2024"]
[SourceDate "2024.02.07"]
[SourceVersion "1"]
[SourceVersionDate "2024.02.07"]
[SourceQuality "1"]
[WhiteTeam "Team D"]
[BlackTeam "Team B"]
[WhiteTeamCountry "SRB"]
[BlackTeamCountry "SRB"]

1. d4 Nf6 2. c4 g6 3. Nc3 Bg7 4. e4 d6 5. Be2 0-0 6. Be3 Na6 7. Nf3 e5 8. 0-0 Qe7 9. dxe5 dxe5 10. Nd5 Qd8 11. Qc2 Ng4 12. Bg5 f6 13. Bd2 c6 14. Ne3 Qe7 15. a3 Nc5 16. b4 Nxe3 17. fxe3 Ne6 18. c5 Nc7 19. Bc3 Bh6 20. Kf2 Be6 21. Rfd1 Ne8 22. Bb2 Qf7 23. Qc3 Nc7 24. a4 Rfd8 25. Nd2 Bf8 26. Nc4 Ne8 27. Kg1 Bg7 28. b5 Bf8 29. Ba3 cxb5 30. axb5 Rdc8 31. Na5 a6 32. b6 Rxc5 33. Bxc5 Rc8 34. Bxa6 Rxc5 35. Qb2 Nd6 36. Rxd6 Rxa5 37. Rxa5 Bxd6 38. Qd2 Qe7 39. Bxb7 Bb4 40. Ra8+ Kg7 41. Qd8 Qc5 42. Qc7+ Kh6 43. Rh8 Qxe3+ 0-1

[Event "Pozarevac Rudar GM 01"]
[Site "Pozarevac"]
[Date "2024.01.26"]
[Round "3.2"]
[White "Sutormin, Danila"]
[Black "Akbas, Umut Ata"]
[Result "0-1"]
[WhiteElo "2353"]
[BlackElo "2438"]
[PlyCount "120"]
[EventDate "2024.01.24"]
[EventType "tourn"]
[EventRounds "9"]
[EventCountry "SRB"]
[SourceTitle "CB06_2024"]
[SourceDate "2024.02.07"]
[SourceVersion "1"]
[SourceVersionDate "2024.02.07"]
[SourceQuality "1"]
[WhiteTeam "Team B"]
[BlackTeam "Team C"]
[WhiteTeamCountry "SRB"]
[BlackTeamCountry "SRB"]

1. e4 c5 2. Nf3 d6 3. d4 cxd4 4. Nxd4 Nf6 5. Nc3 a6 6. Bd3 e6 7. 0-0 Be7 8. Kh1 Qc7 9. Bd2 Nbd7 10. Qe2 Nc5 11. f4 0-0 12. Rac1 b5 13. b4 Nxd3 14. cxd3 Qd7 15. Nb3 Bb7 16. e5 Ne8 17. Ne4 Bd5 18. Bc3 Qd8 19. Qb2 dxe5 20. fxe5 Bxb3 21. axb3 Qxd3 22. Rce1 a5 23. Rf3 Qd5 24. Qe2 Bxb4 25. Rd3 Qxb3 26. Bb2 Qxd3 27. Qxd3 Bxe1 28. Ng5 g6 29. Qe4 Bd2 30. Qxa8 Bxg5 31. Qxa5 Ng7 32. Qxb5 h5 33. g3 Rd8 34. Bc3 Nf5 35. Kg2 Rd5 36. Qe8+ Kg7 37. Bb4 Rd8 38. Qb5 Ne3+ 39. Kg1 Rd1+ 40. Kf2 Ng4+ 41. Kg2 Rd5 42. Qb8 Rd8 43. Qb5 Rc8 44. Bc5 Ra8 45. Qe2 Ra5 46. Bd6 Rd5 47. Bb4 Rd4 48. Bc3 Rd1 49. Qb5 Rc1 50. Qd3 Rc2+ 51. Kg1 Rxh2 52. Qd6 Be3+ 53. Kf1 Rf2+ 54. Ke1 Rf5 55. Ke2 Bf2 56. Qd3 Bc5 57. Qc4 Ba7 58. Qb5 Rf2+ 59. Ke1 Rc2 60. Bb4 Bf2+ 0-1

[Event "Paracin Prestige op"]
[Site "Paracin"]
[Date "2024.01.17"]
[Round "3"]
[White "Kishore, Kumar Jaganathan"]
[Black "Sutormin, Danila"]
[Result "1-0"]
[WhiteElo "2096"]
[BlackElo "2353"]
[PlyCount "67"]
[EventDate "2024.01.15"]
[EventType "swiss"]
[EventRounds "9"]
[EventCountry "SRB"]
[SourceTitle "CB05_2024"]
[SourceDate "2024.01.31"]
[SourceVersion "1"]
[SourceVersionDate "2024.01.31"]
[SourceQuality "1"]

1. d4 Nf6 2. c4 g6 3. Nc3 Bg7 4. e4 d6 5. Nf3 0-0 6. Be2 Nbd7 7. 0-0 e5 8. Be3 Qe7 9. Qc2 c6 10. Rad1 Ng4 11. Bg5 Bf6 12. Bc1 exd4 13. Nxd4 Nc5 14. f4 Qd8 15. Kh1 Qb6 16. h3 Nf2+ 17. Rxf2 Bxd4 18. Rf3 Bxc3 19. Rxc3 f5 20. Be3 Qa5 21. Ra3 Qc7 22. e5 Ne4 23. exd6 Nxd6 24. Bc5 Rd8 25. Rad3 Nf7 26. Rxd8+ Nxd8 27. Qc3 Ne6 28. Bd6 Qf7 29. c5 Ng7 30. Bb8 Qe7 31. Be5 Be6 32. Rd6 Bd5 33. Bc4 Nh5 34. Rxd5 1-0

[Event "Voronezh op"]
[Site "Voronezh"]
[Date "2023.06.17"]
[Round "2"]
[White "Sutormin, Danila"]
[Black "Kislov, Sergey Aleksandrovi"]
[Result "1-0"]
[WhiteElo "2357"]
[BlackElo "2178"]
[PlyCount "69"]
[EventDate "2023.06.16"]
[EventType "swiss"]
[EventRounds "9"]
[EventCountry "RUS"]
[SourceTitle "CBM 214 Extra"]
[Source "ChessBase"]
[SourceDate "2023.07.31"]
[SourceVersion "1"]
[SourceVersionDate "2023.07.31"]
[SourceQuality "1"]

1. e4 e5 2. Nf3 Nc6 3. Bb5 a6 4. Ba4 d6 5. c3 Bd7 6. 0-0 Nge7 7. d4 Ng6 8. Be3 Be7 9. Nbd2 0-0 10. Re1 Qe8 11. Bc2 Bf6 12. d5 Nb8 13. c4 Be7 14. b4 a5 15. a3 axb4 16. axb4 Na6 17. Qb1 c6 18. Bd3 cxd5 19. cxd5 Bb5 20. Nc4 Nc7 21. g3 Ra6 22. Nfd2 Qd8 23. Qc2 Qa8 24. Qb2 Qd8 25. Bf1 h6 26. h4 Re8 27. Rec1 Bf8 28. h5 Nh8 29. Bb6 Re7 30. Ba5 Qb8 31. Nb6 Bxf1 32. Nxf1 Qe8 33. Ne3 g6 34. Rc2 Qb5 35. Nc8 1-0

[Event "Anapa Sea Harbor op"]
[Site "Anapa"]
[Date "2023.06.06"]
[Round "5"]
[White "Potapova, Margarita"]
[Black "Sutormin, Danila"]
[Result "1/2-1/2"]
[WhiteElo "2089"]
[BlackElo "2357"]
[PlyCount "157"]
[EventDate "2023.06.02"]
[EventType "swiss"]
[EventRounds "9"]
[EventCountry "RUS"]
[SourceTitle "CBM 214 Extra"]
[Source "ChessBase"]
[SourceDate "2023.07.31"]
[SourceVersion "1"]
[SourceVersionDate "2023.07.31"]
[SourceQuality "1"]

1. d4 d6 2. Nf3 Nf6 3. c4 g6 4. g3 Bg7 5. Bg2 0-0 6. 0-0 c5 7. Nc3 Nc6 8. dxc5 dxc5 9. Be3 Be6 10. Bxc5 Qa5 11. Ba3 Bxc4 12. Nd2 Be6 13. Nb3 Qh5 14. e3 Qh6 15. Nc5 Bh3 16. Qf3 Ne5 17. Qf4 Qh5 18. Qh4 Qxh4 19. gxh4 Bxg2 20. Kxg2 Nc4 21. Nxb7 Nxa3 22. bxa3 Rfc8 23. Rac1 Rc4 24. Nd5 Rxh4 25. Nxe7+ Kf8 26. Rc8+ Rxc8 27. Nxc8 Rc4 28. Ncd6 Rc2 29. Kf3 Nd7 30. Rd1 Ne5+ 31. Kg3 Ke7 32. f4 Rc6 33. Rd5 Nc4 34. Nxc4 Rxc4 35. Rd3 f5 36. Nd6 Rc2 37. a4 a6 38. Nb7 Bc3 39. h4 Bb4 40. a3 Bd2 41. Kh3 Be1 42. Nd6 Rc6 43. Nb7 Rc2 44. Nd6 Rc6 45. Nb7 h5 46. Rd1 Bc3 47. Rd5 Re6 48. Rd3 Rc6 49. Rd5 Bb2 50. Nc5 Bxa3 51. Nd3 Bd6 52. Kg2 Rc4 53. Ra5 Rc3 54. Ne5 Bxe5 55. Rxe5+ Kd6 56. Ra5 Rxe3 57. Rxa6+ Kd5 58. Rxg6 Ra3 59. Rg5 Ke4 60. Rxh5 Kxf4 61. Rh8 Ra2+ 62. Kg1 Kf3 63. Rb8 f4 64. Rb3+ Kg4 65. h5 Ra1+ 66. Kf2 Ra2+ 67. Kf1 Kxh5 68. a5 Rxa5 69. Rc3 Kg4 70. Rb3 Ra2 71. Rc3 Kf5 72. Rb3 Ke4 73. Rc3 f3 74. Rc8 Re2 75. Re8+ Kd3 76. Rd8+ Ke3 77. Re8+ Kd4 78. Rxe2 fxe2+ 79. Kxe2 1/2-1/2

[Event "Cheliabinsk Lozovatsky Memorial-A"]
[Site "Cheliabinsk"]
[Date "2023.02.05"]
[Round "10"]
[White "Drygalov, Andrey"]
[Black "Sutormin, Danila"]
[Result "1/2-1/2"]
[WhiteElo "2502"]
[BlackElo "2350"]
[PlyCount "94"]
[EventDate "2023.01.27"]
[EventType "swiss"]
[EventRounds "10"]
[EventCountry "RUS"]
[SourceTitle "CBM 212 Extra"]
[Source "ChessBase"]
[SourceDate "2023.03.31"]
[SourceVersion "1"]
[SourceVersionDate "2023.03.31"]
[SourceQuality "1"]

1. e4 c5 2. Nf3 e6 3. d4 cxd4 4. Nxd4 Nc6 5. Nc3 Qc7 6. Be2 Nf6 7. 0-0 a6 8. Be3 Be7 9. f4 d6 10. Kh1 Nxd4 11. Qxd4 0-0 12. a4 d5 13. exd5 exd5 14. Bd3 Qa5 15. Qb6 Qxb6 16. Bxb6 Bd7 17. Bd4 Bc6 18. Nd1 Ne4 19. Ne3 Rfe8 20. Nf5 Bf8 21. a5 g6 22. Ng3 f5 23. Nxe4 fxe4 24. Be2 Bb5 25. Rfe1 Bxe2 26. Rxe2 Rac8 27. Rd1 Kf7 28. Bb6 Ke6 29. Red2 Bc5 30. Rxd5 Bxb6 31. axb6 Rxc2 32. Re5+ Kf7 33. Rd7+ Kf8 34. Kg1 e3 35. Kf1 Rf2+ 36. Ke1 Rxf4 37. Rxe8+ Kxe8 38. Rxb7 Rb4 39. Ke2 Rb3 40. Rxh7 Rxb2+ 41. Kxe3 Rxb6 42. Kf4 a5 43. Ra7 Rb5 44. h4 Kf8 45. g4 Kg8 46. g5 Kf8 47. Kg4 Rb4+ 1/2-1/2

[Event "Cheliabinsk Lozovatsky Memorial-A"]
[Site "Cheliabinsk"]
[Date "2023.02.04"]
[Round "9"]
[White "Sutormin, Danila"]
[Black "Volkov, Sergey"]
[Result "1/2-1/2"]
[WhiteElo "2350"]
[BlackElo "2472"]
[PlyCount "67"]
[EventDate "2023.01.27"]
[EventType "swiss"]
[EventRounds "10"]
[EventCountry "RUS"]
[SourceTitle "CBM 212 Extra"]
[Source "ChessBase"]
[SourceDate "2023.03.31"]
[SourceVersion "1"]
[SourceVersionDate "2023.03.31"]
[SourceQuality "1"]

1. e4 e6 2. d4 d5 3. e5 c5 4. c3 Nc6 5. Nf3 Bd7 6. Be2 Nge7 7. 0-0 cxd4 8. cxd4 Nf5 9. Nc3 a6 10. Bg5 Qb6 11. Na4 Qa7 12. Be3 b5 13. Nc3 Be7 14. Bd3 Nxe3 15. fxe3 0-0 16. Qe1 f5 17. Qg3 Rac8 18. Rac1 Na5 19. b3 Nc6 20. Ne2 Nb4 21. Bb1 Rxc1 22. Rxc1 Rc8 23. Rf1 Nc2 24. Qf2 Na3 25. Bd3 b4 26. g4 Bb5 27. Bxb5 Nxb5 28. gxf5 exf5 29. Nf4 Qd7 30. Kh1 Nc3 31. e6 Qe8 32. Qg2 Bd6 33. Ne5 Bxe5 34. dxe5 1/2-1/2

[Event "Cheliabinsk Lozovatsky Memorial-A"]
[Site "Cheliabinsk"]
[Date "2023.01.29"]
[Round "3"]
[White "Sutormin, Danila"]
[Black "Suslov, Dmitry"]
[Result "1/2-1/2"]
[WhiteElo "2350"]
[BlackElo "2184"]
[PlyCount "49"]
[EventDate "2023.01.27"]
[EventType "swiss"]
[EventRounds "10"]
[EventCountry "RUS"]
[SourceTitle "CBM 212 Extra"]
[Source "ChessBase"]
[SourceDate "2023.03.31"]
[SourceVersion "1"]
[SourceVersionDate "2023.03.31"]
[SourceQuality "1"]

1. e4 c6 2. d4 d5 3. Nd2 dxe4 4. Nxe4 Nf6 5. Nxf6+ exf6 6. c3 Bd6 7. Bd3 0-0 8. Ne2 Re8 9. Qc2 h5 10. 0-0 h4 11. h3 Nd7 12. Bd2 Nf8 13. Rae1 Bb8 14. f4 g6 15. f5 g5 16. g3 hxg3 17. Rf3 Qd5 18. Kg2 Ng6 19. fxg6 Bxh3+ 20. Kxh3 Qxf3 21. gxf7+ Kxf7 22. Qb3+ Kf8 23. Ng1 Qh5+ 24. Kg2 Bd6 25. Re6 1/2-1/2

[Event "Cheliabinsk Lozovatsky Memorial-A"]
[Site "Cheliabinsk"]
[Date "2023.01.27"]
[Round "1"]
[White "Sutormin, Danila"]
[Black "Popov, Tikhon"]
[Result "1-0"]
[WhiteElo "2350"]
[BlackElo "2113"]
[PlyCount "83"]
[EventDate "2023.01.27"]
[EventType "swiss"]
[EventRounds "10"]
[EventCountry "RUS"]
[SourceTitle "CBM 212 Extra"]
[Source "ChessBase"]
[SourceDate "2023.03.31"]
[SourceVersion "1"]
[SourceVersionDate "2023.03.31"]
[SourceQuality "1"]

1. e4 c5 2. Nf3 e6 3. d4 cxd4 4. Nxd4 Nf6 5. Nc3 Nc6 6. Ndb5 Bc5 7. Bf4 0-0 8. Bc7 Qe7 9. Bd6 Bxd6 10. Qxd6 Qd8 11. 0-0-0 a6 12. Nd4 Ne7 13. h4 b5 14. h5 Ne8 15. Qg3 b4 16. Na4 h6 17. Nb3 d6 18. Qe3 Rb8 19. g4 Nc6 20. Rg1 f6 21. f4 e5 22. Bc4+ Kh8 23. g5 fxg5 24. fxg5 hxg5 25. Rxg5 Rf3 26. Qg1 Qf6 27. Nd2 Nd4 28. Rg6 Qf4 29. h6 Rb7 30. hxg7+ Rxg7 31. Rxg7 Nxg7 32. Qg6 Rh3 33. Qxd6 Bg4 34. Rf1 Nf3 35. Be2 Rh2 36. Bxf3 Bxf3 37. Qd3 Rxd2 38. Qxd2 Qxe4 39. Nc5 Qg4 40. Qh2+ Kg8 41. Qxe5 Qg2 42. Re1 1-0

[Event "Chigorin Memorial 29th"]
[Site "St Petersburg"]
[Date "2022.10.29"]
[Round "8"]
[White "Sutormin, Danila"]
[Black "Fedotov, Alexey"]
[Result "1-0"]
[WhiteElo "2353"]
[BlackElo "2082"]
[PlyCount "81"]
[EventDate "2022.10.22"]
[EventType "swiss"]
[EventRounds "9"]
[EventCountry "RUS"]
[SourceTitle "EXT 2024"]
[Source "ChessBase"]
[SourceDate "2023.10.10"]
[SourceVersion "1"]
[SourceVersionDate "2023.10.10"]
[SourceQuality "1"]

1. e4 c6 2. d4 d5 3. Nd2 dxe4 4. Nxe4 Nd7 5. Nf3 Ngf6 6. Nxf6+ Nxf6 7. c3 g6 8. Bc4 Bg7 9. 0-0 0-0 10. h3 Nd5 11. Re1 a5 12. a4 Qc7 13. Bg5 e6 14. Qd2 Bd7 15. Re4 Rae8 16. Bh6 f6 17. Bxg7 Kxg7 18. Rae1 Bc8 19. Ba2 Kh8 20. h4 Qg7 21. Bb1 Re7 22. c4 Nb4 23. Qf4 c5 24. h5 g5 25. Qd6 cxd4 26. h6 Qf7 27. Nxd4 e5 28. Qb6 Qxc4 29. Qxa5 Nc6 30. Nxc6 Qxc6 31. Qb4 Qe8 32. Rd4 Qf7 33. Rd6 Rfe8 34. Red1 Qf8 35. Qb6 Be6 36. Bd3 Qf7 37. Bb5 Rg8 38. Rd8 Qg6 39. Qd6 Qf7 40. Rxg8+ Kxg8 41. Qb8+ 1-0